[Event "Rhein Main op-A 16th"]
[Site "Bad Homburg"]
[Date "2013.06.01"]
[Round "5"]
[White "Muhic, Sulejman"]
[Black "Biegel, Thomas"]
[Result "1/2-1/2"]
[WhiteElo "1985"]
[BlackElo "2090"]
[PlyCount "75"]
[EventDate "2013.05.29"]
[EventType "swiss"]
[EventRounds "7"]
[EventCountry "GER"]
[SourceTitle "EXT 2014"]
[Source "ChessBase"]
[SourceDate "2013.11.20"]
[SourceVersion "1"]
[SourceVersionDate "2013.11.20"]
[SourceQuality "1"]

1. e4 c6 2. d4 d5 3. Nd2 dxe4 4. Nxe4 Bf5 5. Ng3 Bg6 6. Nf3 Nd7 7. Bd3 e6 8. 0-0 Ngf6 9. Re1 Qb6 10. c4 Bb4 11. Re2 Be7 12. b3 0-0 13. Bxg6 hxg6 14. Bg5 Rfe8 15. Ne4 Rad8 16. Qc2 Nxe4 17. Bxe7 Rxe7 18. Qxe4 Nf6 19. Qh4 Red7 20. Qg5 Qb4 21. h3 Qe7 22. Rae1 Nh5 23. Qxe7 Rxe7 24. g3 Red7 25. Re5 Nf6 26. Kf1 Kf8 27. Ke2 Rd6 28. Rd1 Ne8 29. Re3 Nc7 30. Red3 f6 31. h4 Kf7 32. R3d2 Na6 33. a3 R6d7 34. Ke3 Ke7 35. Rd3 Kf7 36. R3d2 Ke7 37. Rd3 c5 38. Ne1 1/2-1/2

[Event "Rhein Main op-A 14th"]
[Site "Bad Homburg"]
[Date "2011.06.24"]
[Round "4"]
[White "Muhic, Sulejman"]
[Black "Werner, Dimo"]
[Result "1/2-1/2"]
[WhiteElo "1968"]
[BlackElo "2237"]
[PlyCount "38"]
[EventDate "2011.06.22"]
[EventType "swiss"]
[EventRounds "7"]
[EventCountry "GER"]
[SourceTitle "EXT 2012"]
[Source "ChessBase"]
[SourceDate "2011.11.24"]
[SourceVersion "1"]
[SourceVersionDate "2011.11.24"]
[SourceQuality "1"]

1. e4 e6 2. d4 d5 3. e5 c5 4. c3 Bd7 5. Nf3 Qb6 6. a4 cxd4 7. Nxd4 Nc6 8. Nxc6 bxc6 9. a5 Qc7 10. f4 f6 11. Qh5+ g6 12. Qe2 Bg7 13. exf6 Nxf6 14. Be3 0-0 15. Nd2 e5 16. fxe5 Qxe5 17. Bc5 Rfe8 18. Qxe5 Rxe5+ 19. Kd1 Bg4+ 1/2-1/2

[Event "Nova Gorica op-A 16th"]
[Site "Nova Gorica"]
[Date "2011.01.31"]
[Round "6"]
[White "Muhic, Sulejman"]
[Black "Vrhovnik, Damir"]
[Result "0-1"]
[WhiteElo "1959"]
[BlackElo "2048"]
[PlyCount "118"]
[EventDate "2011.01.28"]
[EventType "swiss"]
[EventRounds "9"]
[EventCountry "SLO"]
[SourceTitle "CBM 140 Extra"]
[Source "ChessBase"]
[SourceDate "2011.03.01"]
[SourceVersion "1"]
[SourceVersionDate "2011.03.01"]
[SourceQuality "1"]

1. e4 c5 2. Nf3 d6 3. c4 Nf6 4. Nc3 g6 5. d4 cxd4 6. Nxd4 Bg7 7. Be2 Nc6 8. Be3 0-0 9. 0-0 Bd7 10. Kh1 Nxd4 11. Bxd4 Bc6 12. f3 a5 13. b3 Nd7 14. Bxg7 Kxg7 15. Qd4+ Kg8 16. Rac1 Qb6 17. Qd2 Nc5 18. Rb1 Rfd8 19. Nd1 Qb4 20. Qb2 Ne6 21. Ne3 Qb6 22. Ng4 Qd4 23. Qc1 h5 24. Rd1 Qg7 25. Nf2 Rdc8 26. Qe3 Qf6 27. Nd3 Nd4 28. e5 dxe5 29. Nxe5 Nf5 30. Qc3 b5 31. Qb2 bxc4 32. Bxc4 Be8 33. Rd3 Rab8 34. Qc3 Qh4 35. Kg1 Qf6 36. Re1 a4 37. Qd2 Qb6+ 38. Kh1 Rd8 39. Rxd8 Rxd8 40. Qg5 Kg7 41. Nd3 f6 42. Qc1 e5 43. Qa3 h4 44. Nc5 Nd4 45. Nxa4 Bxa4 46. Qxa4 h3 47. Bf1 Nf5 48. Qb5 hxg2+ 49. Kxg2 Rd2+ 50. Qe2 Ne3+ 51. Kg3 Rxe2 52. Bxe2 Nf5+ 53. Kg2 Qe3 54. Kf1 Nd4 55. Bd1 Qd3+ 56. Kf2 Qd2+ 57. Be2 Qxa2 58. b4 Qb2 59. Ke3 Nc2+ 0-1

[Event "SLO-chT Central Superliga 11th"]
[Site "Slovenia"]
[Date "2010.10.21"]
[Round "6.4"]
[White "Kralj, Manca"]
[Black "Muhic, Sulejman"]
[Result "1-0"]
[WhiteElo "1748"]
[BlackElo "1966"]
[PlyCount "99"]
[EventDate "2010.09.09"]
[EventType "team-tourn"]
[EventRounds "9"]
[EventCountry "SLO"]
[SourceTitle "EXT 2022"]
[Source "ChessBase"]
[SourceDate "2021.10.06"]
[SourceVersion "1"]
[SourceVersionDate "2021.10.06"]
[SourceQuality "1"]
[WhiteTeam "Komenda Pogi"]
[BlackTeam "Podpec Isoglas"]
[WhiteTeamCountry "SLO"]
[BlackTeamCountry "SLO"]

1. e4 c5 2. Nf3 d6 3. d4 cxd4 4. Nxd4 Nf6 5. Nc3 a6 6. Be2 b5 7. a3 Bb7 8. Qd3 Nbd7 9. Nb3 e6 10. f4 Be7 11. Bf3 Qc7 12. 0-0 0-0 13. Be3 Rac8 14. Rad1 Rfd8 15. Qe2 Nc5 16. Nxc5 dxc5 17. Rxd8+ Rxd8 18. e5 Bxf3 19. Qxf3 Nd5 20. Nxd5 exd5 21. Qh5 d4 22. Bc1 d3 23. cxd3 Rxd3 24. Qf5 c4 25. Kh1 Qc6 26. Qg4 Qe6 27. Qe2 f6 28. Qf2 Qd5 29. Qe2 f5 30. Qh5 g6 31. Qe2 Bc5 32. Qe1 Qd8 33. Qe2 Kf7 34. Qe1 Ke6 35. Qe2 a5 36. Qc2 Qd4 37. Qe2 b4 38. Qe1 c3 39. bxc3 bxc3 40. Qh4 Kd5 41. Qd8+ Kc4 42. Qxa5 Qd7 43. Qa6+ Kb3 44. e6 Qd5 45. Qb5+ Ka2 46. Qa4 Qb3 47. Qa6 Rd1 48. Qe2+ Rd2 49. Bxd2 cxd2 50. Qxd2+ 1-0

[Event "SLO-ch U20 qual"]
[Site "Otocec"]
[Date "2010.07.11"]
[Round "9"]
[White "Muhic, Sulejman"]
[Black "Jaksa, Cvetko"]
[Result "1/2-1/2"]
[WhiteElo "1954"]
[BlackElo "2060"]
[PlyCount "123"]
[EventDate "2010.07.06"]
[EventType "swiss"]
[EventRounds "9"]
[EventCountry "SLO"]
[SourceTitle "EXT 2012"]
[Source "ChessBase"]
[SourceDate "2011.11.24"]
[SourceVersion "1"]
[SourceVersionDate "2011.11.24"]
[SourceQuality "1"]

1. Nf3 e6 2. d4 Nf6 3. Nbd2 d5 4. e3 Bd6 5. Bd3 b6 6. c3 0-0 7. Qc2 Ba6 8. c4 Nbd7 9. b3 Re8 10. Bb2 e5 11. dxe5 Nxe5 12. Nxe5 Bxe5 13. Bxe5 Rxe5 14. Nf3 Re7 15. Rd1 Rd7 16. c5 Bxd3 17. Rxd3 Ne4 18. b4 bxc5 19. bxc5 c6 20. 0-0 Rb7 21. Nd4 Qc7 22. f3 Ng5 23. Qa4 Rc8 24. Nf5 Ne6 25. Rc1 Rcb8 26. Rb3 g6 27. Nd4 Nxd4 28. exd4 Rxb3 29. axb3 Qb7 30. Rc3 Qe7 31. Qa1 Rb4 32. Qd1 a5 33. Rd3 Qb7 34. Kf2 Qa8 35. Qe1 Qb8 36. Qe3 a4 37. bxa4 Rxa4 38. f4 h5 39. Rd2 Ra1 40. h3 Qb1 41. Qe8+ Kg7 42. Qe5+ Kh7 43. Re2 h4 44. Kf3 Qd3+ 45. Qe3 Rf1+ 46. Kg4 Qf5+ 47. Kxh4 Qxf4+ 48. g4 Kg7 49. Qxf4 Rxf4 50. Rd2 Rf3 51. g5 f5 52. gxf6+ Kxf6 53. Kg4 Re3 54. Rf2+ Kg7 55. h4 Re1 56. Rf4 Re3 57. h5 Rd3 58. Kg5 gxh5 59. Kxh5 Rd1 60. Kg5 Rh1 61. Rf2 Rd1 62. Rf4 1/2-1/2

[Event "SLO-ch U20 qual"]
[Site "Otocec"]
[Date "2010.07.10"]
[Round "8"]
[White "Zupancic, Jernej"]
[Black "Muhic, Sulejman"]
[Result "1-0"]
[WhiteElo "2076"]
[BlackElo "1954"]
[PlyCount "83"]
[EventDate "2010.07.06"]
[EventType "swiss"]
[EventRounds "9"]
[EventCountry "SLO"]
[SourceTitle "EXT 2012"]
[Source "ChessBase"]
[SourceDate "2011.11.24"]
[SourceVersion "1"]
[SourceVersionDate "2011.11.24"]
[SourceQuality "1"]

1. d4 Nf6 2. Nf3 g6 3. g3 Bg7 4. Bg2 c6 5. 0-0 d5 6. b3 Nbd7 7. Bb2 0-0 8. c4 Re8 9. Nbd2 e6 10. Re1 b6 11. e4 Nxe4 12. Nxe4 dxe4 13. Rxe4 Bb7 14. Re2 c5 15. Rd2 Qe7 16. Qc2 cxd4 17. Nxd4 Bxg2 18. Kxg2 Nf6 19. Rad1 Qb7+ 20. Kg1 Ne4 21. Rd3 Ng5 22. h4 Bxd4 23. hxg5 Bxb2 24. Qxb2 Qe7 25. Qd2 Qf8 26. Rd7 Re7 27. Qd6 Rxd7 28. Qxf8+ Kxf8 29. Rxd7 Kg7 30. Kg2 b5 31. cxb5 Rb8 32. a4 Ra8 33. Rb7 h6 34. gxh6+ Kf6 35. b4 g5 36. a5 Kg6 37. b6 axb6 38. Rxb6 Kxh6 39. a6 Kg6 40. b5 Kf6 41. Rb7 Ke5 42. a7 1-0

[Event "SLO-ch U20 qual"]
[Site "Otocec"]
[Date "2010.07.08"]
[Round "5"]
[White "Muhic, Sulejman"]
[Black "Rifelj, Luka"]
[Result "1-0"]
[WhiteElo "1954"]
[BlackElo "1805"]
[PlyCount "175"]
[EventDate "2010.07.06"]
[EventType "swiss"]
[EventRounds "9"]
[EventCountry "SLO"]
[SourceTitle "EXT 2012"]
[Source "ChessBase"]
[SourceDate "2011.11.24"]
[SourceVersion "1"]
[SourceVersionDate "2011.11.24"]
[SourceQuality "1"]

1. c4 Nf6 2. Nc3 g6 3. Nf3 Bg7 4. d4 0-0 5. e4 d6 6. h3 Na6 7. Be3 c5 8. d5 e6 9. Qd2 exd5 10. exd5 Re8 11. Bd3 Nc7 12. a4 b6 13. 0-0 Rb8 14. Bg5 Qd7 15. Nb5 a6 16. Nxc7 Qxc7 17. Rfe1 Bb7 18. Rxe8+ Rxe8 19. Re1 Qd7 20. b3 a5 21. Re2 Rxe2 22. Qxe2 h6 23. Bc1 Bc8 24. Bb2 Qe8 25. Bxf6 Qxe2 26. Bxe2 Bxf6 27. Bd3 Bc3 28. Kf1 Kg7 29. Ng1 g5 30. Ne2 Be5 31. g4 Kf6 32. Kg2 Bf4 33. Ng1 Ke5 34. Nf3+ Kf6 35. Ne1 Ke5 36. Nc2 Bd7 37. Kf3 Bd2 38. Bh7 Bc1 39. Kg3 Bf4+ 40. Kf3 Bc1 41. Bd3 Bd2 42. Ke2 Bc1 43. Kd1 Bf4 44. Ne1 f5 45. Be2 fxg4 46. hxg4 Be8 47. Bd3 Bd7 48. Be2 Be8 49. Kc2 Bg6+ 50. Bd3 Bf7 51. Bf5 h5 52. Kd1 h4 53. Ke2 h3 54. Nf3+ Kf6 55. Kf1 Be5 56. Kg1 Bf4 57. Kh1 h2 58. Kg2 Be5 59. Ne1 Bd4 60. f4 gxf4 61. Kxh2 Bf2 62. Nf3 Be8 63. Kg2 Bg3 64. Kf1 Bf7 65. Ke2 Be8 66. Kd3 Bf7 67. Ke4 Be8 68. Ng1 Be1 69. Kxf4 Bd2+ 70. Ke4 Bg5 71. Nf3 Bf7 72. Bh7 Be8 73. Ng1 Bc1 74. Ne2 Bd2 75. Ng3 Bd7 76. Bf5 Be8 77. Nf1 Bc1 78. Nh2 Bf7 79. Nf3 Bg5 80. Kd3 Be8 81. Ke4 Bf7 82. Ne1 Be8 83. Nd3 Bf7 84. Kf3 Bd2 85. Kg3 Kg5 86. Kf3 Be8 87. Nf2 Bc1 88. Ne4+ 1-0

[Event "SLO-ch U20 qual"]
[Site "Otocec"]
[Date "2010.07.06"]
[Round "1"]
[White "Muhic, Sulejman"]
[Black "Srebrnic, Marko"]
[Result "0-1"]
[WhiteElo "1954"]
[BlackElo "2331"]
[PlyCount "105"]
[EventDate "2010.07.06"]
[EventType "swiss"]
[EventRounds "9"]
[EventCountry "SLO"]
[SourceTitle "EXT 2012"]
[Source "ChessBase"]
[SourceDate "2011.11.24"]
[SourceVersion "1"]
[SourceVersionDate "2011.11.24"]
[SourceQuality "1"]

1. Nf3 Nf6 2. g3 g6 3. Bg2 Bg7 4. 0-0 0-0 5. d3 c5 6. e4 Nc6 7. c3 d5 8. Qc2 e5 9. Re1 Re8 10. Nbd2 d4 11. c4 a6 12. Nf1 Qd6 13. h4 b5 14. b3 Nh5 15. N1h2 Rb8 16. Bd2 bxc4 17. Qxc4 Be6 18. Qc1 Nb4 19. Bf1 f6 20. Rd1 Rec8 21. Bh6 Rb7 22. Bxg7 Kxg7 23. Nd2 Nc6 24. Nc4 Bxc4 25. Qxc4 Na7 26. Bh3 Rc6 27. Qc1 Nb5 28. Rd2 Nc3 29. Rc2 Kg8 30. Qh6 a5 31. Bg4 Ng7 32. Kg2 a4 33. bxa4 c4 34. Qd2 Rb4 35. Bf3 cxd3 36. Qxd3 Ne6 37. Qd2 Nc5 38. Re1 N5xa4 39. Qh6 d3 40. Rd2 Nb1 41. a3 Rbb6 42. Rxb1 Rxb1 43. Qe3 Nc5 44. g4 Ne6 45. Bd1 Nf4+ 46. Kf3 Rcc1 47. g5 f5 48. Qe1 Qd4 49. exf5 gxf5 50. Kg3 Qe4 51. Qf1 Rxd1 52. Rxd1 Rxd1 53. f3 0-1

[Event "SLO-chT2 West"]
[Site "Postojna"]
[Date "2009.11.07"]
[Round "7.2"]
[White "Muhic, Sulejman"]
[Black "Persl, Bojan"]
[Result "0-1"]
[WhiteElo "1963"]
[BlackElo "2070"]
[PlyCount "112"]
[EventDate "2009.10.23"]
[EventType "team-tourn"]
[EventRounds "9"]
[EventCountry "SLO"]
[SourceTitle "EXT 2010"]
[Source "ChessBase"]
[SourceDate "2010.11.25"]
[SourceVersion "1"]
[SourceVersionDate "2010.11.25"]
[SourceQuality "1"]
[WhiteTeam "Podpec"]
[BlackTeam "Lojz Kraigher"]
[WhiteTeamCountry "SLO"]
[BlackTeamCountry "SLO"]

1. Nf3 Nf6 2. b3 d6 3. d4 Nbd7 4. Bb2 c6 5. e3 Qc7 6. Nbd2 a6 7. Bd3 b5 8. c3 g6 9. 0-0 Bg7 10. Rc1 0-0 11. e4 e5 12. Re1 Re8 13. c4 exd4 14. cxb5 axb5 15. Bxb5 Nc5 16. Bxd4 cxb5 17. b4 Nfd7 18. Bxg7 Kxg7 19. Nb3 Ra4 20. bxc5 dxc5 21. Qc2 Kg8 22. Nbd2 Qa7 23. Ra1 Bb7 24. Qd3 Bc6 25. a3 Qa5 26. h3 Qa8 27. e5 Nf8 28. Qc3 Ne6 29. Rec1 Rd8 30. Qe3 c4 31. Ne1 Nd4 32. f3 Nf5 33. Qc3 Qa7+ 34. Kh2 Qf2 35. Ne4 Bxe4 36. fxe4 Ne3 37. Ra2 Nf1+ 38. Kh1 Qxa2 39. Kg1 Qd2 40. Kxf1 Qf4+ 41. Kg1 Rd2 42. e6 fxe6 43. e5 Re2 44. Rd1 Ra8 45. Qf3 Qxf3 46. Nxf3 Rxa3 47. Rd8+ Kg7 48. Kf1 Rb2 49. Rd7+ Kf8 50. Kg1 Raa2 51. Nd4 Rxg2+ 52. Kf1 Rgb2 53. Nxe6+ Ke8 54. Rd1 Rh2 55. Nc7+ Ke7 56. Nd5+ Kf8 0-1

[Event "SLO-chT2 West"]
[Site "Postojna"]
[Date "2009.10.24"]
[Round "3.2"]
[White "Belamaric, Goran"]
[Black "Muhic, Sulejman"]
[Result "1-0"]
[WhiteElo "2246"]
[BlackElo "1963"]
[PlyCount "75"]
[EventDate "2009.10.23"]
[EventType "team-tourn"]
[EventRounds "9"]
[EventCountry "SLO"]
[SourceTitle "EXT 2010"]
[Source "ChessBase"]
[SourceDate "2010.11.25"]
[SourceVersion "1"]
[SourceVersionDate "2010.11.25"]
[SourceQuality "1"]
[WhiteTeam "Piran"]
[BlackTeam "Podpec"]
[WhiteTeamCountry "SLO"]
[BlackTeamCountry "SLO"]

1. e4 e5 2. Nf3 d6 3. d4 exd4 4. Bc4 Be7 5. c3 Nf6 6. Qxd4 0-0 7. 0-0 Nc6 8. Qd3 Ne5 9. Nxe5 dxe5 10. Qe2 Bg4 11. f3 Bh5 12. g4 Bg6 13. Be3 c6 14. a4 b6 15. Nd2 Qc7 16. b4 Rfd8 17. Qf2 Rd7 18. a5 b5 19. Be2 Rdd8 20. Nb3 Nd7 21. Rfd1 f6 22. Nc5 Nxc5 23. Bxc5 Bxc5 24. Qxc5 a6 25. c4 Rac8 26. Kf2 Bf7 27. cxb5 axb5 28. Bxb5 Rd4 29. Be2 h5 30. h3 h4 31. a6 Qd7 32. Rac1 Be6 33. b5 cxb5 34. Qxc8+ Qxc8 35. Rxc8+ Bxc8 36. Rxd4 exd4 37. Bxb5 Kf8 38. a7 1-0

[Event "SLO-ch qual"]
[Site "Otocec"]
[Date "2009.07.10"]
[Round "7"]
[White "Muhic, Sulejman"]
[Black "Drnovsek, Nejc"]
[Result "0-1"]
[WhiteElo "1954"]
[BlackElo "2125"]
[PlyCount "84"]
[EventDate "2009.07.07"]
[EventType "swiss"]
[EventRounds "9"]
[EventCountry "SLO"]
[SourceTitle "EXT 2010"]
[Source "ChessBase"]
[SourceDate "2010.11.25"]
[SourceVersion "1"]
[SourceVersionDate "2010.11.25"]
[SourceQuality "1"]

1. Nf3 d5 2. b3 Nf6 3. Bb2 e6 4. g3 Nbd7 5. Bg2 Bd6 6. d3 0-0 7. 0-0 e5 8. Nbd2 Re8 9. e4 c6 10. Re1 d4 11. c4 Nc5 12. Qc2 a5 13. a3 Ne6 14. Reb1 Qe7 15. Bc1 Bd7 16. Nf1 b5 17. Nh4 g6 18. Nf3 Reb8 19. a4 Nc5 20. axb5 cxb5 21. Bd2 b4 22. Bg5 a4 23. bxa4 b3 24. Qe2 Rxa4 25. N1d2 Rxa1 26. Rxa1 Na4 27. Nb1 b2 28. Rxa4 Bxa4 29. Nxe5 Qxe5 30. f4 Qe6 31. e5 Be7 32. Bf3 h5 33. Qg2 Ng4 34. Bd5 Ne3 35. Qe4 Nxd5 36. cxd5 Qf5 37. Qxf5 gxf5 38. Bxe7 Rc8 39. Kg2 Rc1 40. Na3 Ra1 41. Nb1 Rxb1 42. Ba3 Rg1+ 0-1

[Event "SLO-ch qual"]
[Site "Otocec"]
[Date "2009.07.09"]
[Round "4"]
[White "Jeran, Bostjan"]
[Black "Muhic, Sulejman"]
[Result "1-0"]
[WhiteElo "2267"]
[BlackElo "1954"]
[PlyCount "63"]
[EventDate "2009.07.07"]
[EventType "swiss"]
[EventRounds "9"]
[EventCountry "SLO"]
[SourceTitle "EXT 2010"]
[Source "ChessBase"]
[SourceDate "2010.11.25"]
[SourceVersion "1"]
[SourceVersionDate "2010.11.25"]
[SourceQuality "1"]

1. e4 e5 2. Nf3 d6 3. Bc4 Be7 4. c3 Nf6 5. d3 0-0 6. Nbd2 Nbd7 7. 0-0 c6 8. Re1 Re8 9. Bb3 Nc5 10. Bc2 Bg4 11. h3 Bh5 12. Nf1 Qc7 13. Ng3 Bg6 14. Nh4 Rad8 15. Qf3 Ne6 16. Nhf5 Bf8 17. d4 exd4 18. cxd4 Qa5 19. Be3 d5 20. e5 Nd7 21. h4 f6 22. h5 Bf7 23. Nh6+ gxh6 24. Qf5 Bg7 25. Qxh7+ Kf8 26. Bxh6 Bg8 27. Qh8 Bxh6 28. Qxh6+ Ng7 29. Nf5 Re7 30. Nxe7 Nxe5 31. dxe5 Qd2 32. Qxd2 1-0

[Event "SLO Cup"]
[Site "Otocec"]
[Date "2009.05.23"]
[Round "2"]
[White "Muhic, Sulejman"]
[Black "Gorsek, Gregor"]
[Result "1/2-1/2"]
[WhiteElo "1962"]
[BlackElo "2024"]
[PlyCount "118"]
[EventDate "2009.05.22"]
[EventType "team-tourn"]
[EventRounds "5"]
[EventCountry "SLO"]
[SourceTitle "CBM 130 Extra"]
[Source "ChessBase"]
[SourceDate "2009.07.02"]
[SourceVersion "2"]
[SourceVersionDate "2009.07.15"]
[SourceQuality "1"]

1. e4 g6 2. d4 Bg7 3. Nc3 d6 4. Be3 Nf6 5. Qd2 Ng4 6. Bg5 h6 7. Bh4 g5 8. Bg3 e5 9. d5 f5 10. f3 f4 11. Bf2 Nxf2 12. Qxf2 c5 13. 0-0-0 a6 14. h4 b5 15. hxg5 hxg5 16. Rxh8+ Bxh8 17. g4 Bg7 18. Qh2 Qf6 19. Qh5+ Kf8 20. Nh3 Bh6 21. Be2 Bd7 22. Nf2 Be8 23. Qh2 Nd7 24. Rh1 Bg7 25. Qh7 Bg6 26. Qh2 Nb6 27. Qg1 Qd8 28. Rh2 Kf7 29. Nh3 Bf6 30. Qh1 Nd7 31. Kb1 c4 32. Ka1 Nc5 33. Nb1 Qa5 34. Qc1 Rc8 35. Qd2 Qb6 36. b4 cxb3 37. axb3 b4 38. Nf2 a5 39. Nd3 Nd7 40. Nb2 Qc5 41. Ba6 Rc7 42. Na4 Qa7 43. Bb5 Nc5 44. Nxc5 Rxc5 45. Bc6 Qb6 46. Qd1 Bg7 47. Nd2 Rc3 48. Nc4 Qc5 49. Kb2 Ke7 50. Rh1 Kf6 51. Qe2 Qd4 52. Ka2 Ke7 53. Rd1 Qc5 54. Kb2 Bf6 55. Rd3 Rxd3 56. Qxd3 Kf8 57. Ka2 Bd8 58. Nb2 Be8 59. Bxe8 Kxe8 1/2-1/2

[Event "Konjice op"]
[Site "Konjice"]
[Date "2009.04.03"]
[Round "6"]
[White "Muhic, Sulejman"]
[Black "Gorsek, Gregor"]
[Result "0-1"]
[WhiteElo "1938"]
[BlackElo "2027"]
[PlyCount "146"]
[EventDate "2009.03.26"]
[EventType "swiss"]
[EventRounds "9"]
[EventCountry "SLO"]
[SourceTitle "CBM 129 Extra"]
[Source "ChessBase"]
[SourceDate "2009.05.05"]
[SourceVersion "2"]
[SourceVersionDate "2009.05.20"]
[SourceQuality "1"]

1. e4 d6 2. d4 g6 3. Nc3 Bg7 4. Be3 c6 5. Bd3 Nf6 6. f3 Nbd7 7. Qd2 b5 8. Bh6 Bxh6 9. Qxh6 Nb6 10. Nh3 Bxh3 11. Qxh3 Qd7 12. Qh6 b4 13. Ne2 c5 14. c4 Qc7 15. d5 Rg8 16. 0-0 Qc8 17. Qe3 e5 18. f4 Nfd7 19. Ng3 exf4 20. Qxf4 Ne5 21. Be2 Qd7 22. b3 a5 23. Qg5 Qe7 24. Qh6 0-0-0 25. a3 Kb7 26. axb4 axb4 27. Ra5 f6 28. Qf4 Rgf8 29. Rfa1 Ra8 30. Rxa8 Rxa8 31. Rxa8 Kxa8 32. h3 h5 33. Qh6 Nbd7 34. h4 Qf8 35. Qc1 Qb8 36. Qa1+ Qa7 37. Qxa7+ Kxa7 38. Kf2 Kb7 39. Ke3 Kc7 40. Kf4 Kd8 41. Nf1 Ke7 42. Ne3 Nf8 43. g4 hxg4 44. Nxg4 Nxg4 45. Bxg4 Nh7 46. Kg3 Kf7 47. Kf3 Kg7 48. Kg3 Kh6 49. Kf4 Nf8 50. Kg3 Nh7 51. Kf3 f5 52. exf5 g5 53. Kg3 gxh4+ 54. Kxh4 Kg7 55. Kg3 Kf6 56. Kf4 Ng5 57. Ke3 Ke5 58. Kd3 Kf4 59. Bh5 Kxf5 60. Be8 Kf4 61. Bd7 Nf3 62. Kc2 Ke3 63. Be8 Nd4+ 64. Kb2 Kd2 65. Bh5 Nc2 66. Be8 Ne1 67. Ba4 Nd3+ 68. Ka2 Kc3 69. Kb1 Nb2 70. Ka2 Nxa4 71. bxa4 Kxc4 72. a5 Kb5 73. a6 Kxa6 0-1

[Event "Konjice op"]
[Site "Konjice"]
[Date "2009.03.27"]
[Round "2"]
[White "Muhic, Sulejman"]
[Black "Kralj, Manca"]
[Result "1-0"]
[WhiteElo "1938"]
[BlackElo "1542"]
[PlyCount "97"]
[EventDate "2009.03.26"]
[EventType "swiss"]
[EventRounds "9"]
[EventCountry "SLO"]
[SourceTitle "CBM 129 Extra"]
[Source "ChessBase"]
[SourceDate "2009.05.05"]
[SourceVersion "2"]
[SourceVersionDate "2009.05.20"]
[SourceQuality "1"]

1. c4 e5 2. g3 Bc5 3. Bg2 c6 4. e3 d6 5. d4 exd4 6. exd4 Bb4+ 7. Nc3 Nf6 8. Nge2 Bf5 9. 0-0 0-0 10. Bg5 h6 11. Bf4 Nbd7 12. a3 Bxc3 13. Nxc3 Nb6 14. b3 Qd7 15. Re1 Rfe8 16. Qd2 Rad8 17. a4 Nc8 18. a5 Bh3 19. Bh1 Ne7 20. Ne4 Nxe4 21. Bxe4 h5 22. Bg5 Ra8 23. Qd3 Kh8 24. Qf3 Qg4 25. Qxg4 Bxg4 26. a6 Bc8 27. Bxc6 bxc6 28. Bxe7 d5 29. Re5 Bg4 30. Kg2 Reb8 31. h3 f6 32. Re3 Bf5 33. cxd5 cxd5 34. Ra5 Bc2 35. b4 Rb6 36. Bc5 Rbb8 37. Re7 Bd3 38. g4 h4 39. Ra3 Bc4 40. Rb7 Re8 41. b5 Re1 42. Re3 Bf1+ 43. Kh2 Rb1 44. Ree7 Bd3 45. f3 Bxb5 46. Rxg7 Rb2+ 47. Kg1 Re8 48. Rh7+ Kg8 49. Rbg7# 1-0

[Event "Nova Gorica op-B 14th"]
[Site "Nova Gorica"]
[Date "2009.02.03"]
[Round "5"]
[White "Muhic, Sulejman"]
[Black "Lucovnik, Tilen"]
[Result "1-0"]
[WhiteElo "1938"]
[BlackElo "1587"]
[PlyCount "61"]
[EventDate "2009.01.31"]
[EventType "swiss"]
[EventRounds "9"]
[EventCountry "SLO"]
[SourceTitle "EXT 2011"]
[Source "ChessBase"]
[SourceDate "2010.11.26"]
[SourceVersion "1"]
[SourceVersionDate "2010.11.26"]
[SourceQuality "1"]

1. e4 c5 2. Nf3 e6 3. d4 cxd4 4. Nxd4 a6 5. Be3 Nf6 6. Bd3 Nc6 7. c3 Be7 8. f4 d6 9. 0-0 0-0 10. Kh1 e5 11. Nxc6 bxc6 12. c4 Rb8 13. b3 Ng4 14. Bg1 exf4 15. Qc1 Bf6 16. Nc3 Qa5 17. Ne2 Bxa1 18. Qxa1 Ne5 19. Nxf4 Nxd3 20. Nxd3 Be6 21. Nf4 g6 22. Bd4 Qg5 23. Bf6 Qh6 24. h3 Rb7 25. Kg1 Re8 26. Qd4 Qf8 27. Rf3 Rc7 28. Nh5 Qh6 29. g4 c5 30. Qc3 Rb7 31. Bg5 1-0

[Event "Ljubljana-chT"]
[Site "Gostovanja"]
[Date "2009.01.22"]
[Round "3.4"]
[White "Peteh, Uros"]
[Black "Muhic, Sulejman"]
[Result "1/2-1/2"]
[WhiteElo "2022"]
[BlackElo "1938"]
[PlyCount "64"]
[EventDate "2009.01.08"]
[EventType "team-tourn"]
[EventRounds "9"]
[EventCountry "SLO"]
[SourceTitle "EXT 2011"]
[Source "ChessBase"]
[SourceDate "2010.11.26"]
[SourceVersion "1"]
[SourceVersionDate "2010.11.26"]
[SourceQuality "1"]

1. e4 c5 2. Nf3 e6 3. Nc3 a6 4. a4 d6 5. d4 cxd4 6. Nxd4 Nf6 7. Be2 Be7 8. 0-0 Nc6 9. Be3 0-0 10. f4 e5 11. Nb3 Be6 12. f5 Bxb3 13. cxb3 Nb4 14. a5 d5 15. Bb6 Qd7 16. exd5 Nbxd5 17. Nxd5 Nxd5 18. Bf2 Rfd8 19. Bc4 Nf4 20. Bb6 Bc5+ 21. Bxc5 Qc6 22. Qc2 Qxc5+ 23. Kh1 Qc6 24. Rad1 Rxd1 25. Rxd1 Kh8 26. Rd2 Qc7 27. Qc3 Qe7 28. g3 Nh5 29. Be2 Nf6 30. Qd3 Qb4 31. Qc3 Qe7 32. Qd3 Qb4 1/2-1/2

[Event "SLO-chT2 West"]
[Site "Kranj"]
[Date "2008.10.11"]
[Round "1.5"]
[White "Bucan, Luka"]
[Black "Muhic, Sulejman"]
[Result "1-0"]
[WhiteElo "1807"]
[BlackElo "1986"]
[PlyCount "67"]
[EventDate "2008.10.11"]
[EventType "team-swiss"]
[EventRounds "9"]
[EventCountry "SLO"]
[SourceTitle "EXT 2010"]
[Source "ChessBase"]
[SourceDate "2010.11.25"]
[SourceVersion "1"]
[SourceVersionDate "2010.11.25"]
[SourceQuality "1"]
[WhiteTeam "Stari Mayr Sencur"]
[BlackTeam "Podpec"]
[WhiteTeamCountry "SLO"]
[BlackTeamCountry "SLO"]

1. c4 Nf6 2. Nc3 c5 3. Nf3 e6 4. d4 cxd4 5. Nxd4 a6 6. g3 Nc6 7. Bg2 Qc7 8. 0-0 Bb4 9. Na4 Qa5 10. a3 Be7 11. b4 Qc7 12. Bb2 d6 13. b5 Nxd4 14. Bxd4 Qxc4 15. Nb6 Qxb5 16. Nxa8 0-0 17. Nb6 e5 18. Nxc8 Rxc8 19. Bh3 Rc4 20. Be3 Nd5 21. Qd3 e4 22. Qd2 Bf6 23. Rab1 Qc6 24. Rbc1 Bc3 25. Qa2 Nxe3 26. fxe3 Qc5 27. Rxc3 d5 28. Rxc4 dxc4 29. Qd2 g6 30. Qd8+ Kg7 31. Qf6+ Kh6 32. Qf4+ Qg5 33. Qxg5+ Kxg5 34. Rxf7 1-0